| 000 | 00718nam a22002297a 4500 | ||
|---|---|---|---|
| 003 | 0 | ||
| 005 | 20250328162225.0 | ||
| 008 | 250326b xxu||||| |||| 00| 0 eng d | ||
| 020 | _a978-1-265-04592-0 | ||
| 050 |
_aHF 5657.4 _b.F86 2023 |
||
| 245 |
_aFundamental managerial accounting: _bconcepts _cThomas P. Edmonds and four others |
||
| 250 | _aTenth edition | ||
| 260 |
_aNew York _bMcGraw-Hill _c2023 |
||
| 300 |
_axli, 722 pages : _bcolored pictures ; _c28cm. |
||
| 504 | _aIncludes index and glossary. | ||
| 650 | _aManagerial accounting. | ||
| 700 | _aEdmonds, Christopher T. | ||
| 700 | _aEdmdonds, Mark A. | ||
| 700 | _aEdmonds, Jennifer E. | ||
| 700 | _aOlds, Philip R. | ||
| 942 |
_2lcc _cBK |
||
| 999 |
_c367343 _d367343 |
||